000
00314nam a2200121Ia 4500
008
240112s1970 xx 000 0 und d
041
_a
eng
082
_a
616.05
100
_a
BEESON P.S.
245
_a
THE YEAR BOOK OF MEDICINE: YEAR BOOK SERIES
260
_b
THE YEAR BOOK PUB CHICAGO
_c
1970
300
_a
839,HB
999
_c
1140938
_d
1140938